000
00316nam a22001457a 4500
003
SGT
082
_a
611
_b
R14W
100
_a
WAUGH, ANNE
245
_a
ROSS AND WILSON ANATOMY & PHYSIOLOGY
250
_a
12TH
260
_a
EDINBURGH
_b
ELSEVIER
_c
2014
300
_a
509
650
_a
ANATOMY
942
_2
ddc
_c
BK
_0
117
999
_c
10120
_d
10120